000 00925cam a22002174a 4500
005 20250605164216.0
008 250528s ||||||||||||||||||||||||d
035 _a20476
020 _a333319435
040 _aGR-AtMCL
_bgre
_dGR-AtMCL
_eAACR2
245 1 _aThree Contemporary Poets / Thom Gunn, Ted Hughes and R. S. Thomas
250 _a1st
260 _c1990
300 _a296
520 _aThis Casebook adopts a critical perspective towards the aims and achievements of three leading British Poets of the post-1950 period. General Editor's Preface, Introduction, Thom Gunn, Gun on Himself and Poetry, Critical Studies, Ted Hughes, Hughes on himself and Poetry, Critical Studies, R. S. Thomas, Thomas on Himself and Poetry, Critical Studies, Selected Bibliography, Acknowledgements, Index.
700 1 _aDyson A. E
_96458
700 1 _aMacmillan
_9736
942 _cBK
999 _c5580
_d5580